LDR 00720naa#a2200193#i#450# 001 EN\\bibl\126620 005 20260630122030.2 011 ## _a2587-6740 100 ## _a20260615b2026####ek#y0engy0150####ca 102 ## _aRU 200 1# _aGeoinformation analysis of forest types of geosystems using spectral index estimation _eJournal article 210 1# _aMoscow _cElectronic science _d2026 215 ## _a4 с. 608 ## _aJournal article _2local 675 ## _aДешифрирование. Визуальные требования при дешифрировании снимков. 528.87 _z 700 #1 _aPyanzin _gIvan Sergeevich 700 #1 _aYamashkin _gStanislav Anatol'evich 700 #1 _aYamashkin _gAnatoly Anatol'evich 856 4# _amshj.ru _u